Gramática castellana para uso de tipógrafos / (Record no. 94873)

MARC details
000 -LEADER
campo de control de longitud fija 00542nam a2200169 i 4500
001 - NÚMERO DE CONTROL
campo de control 94873
003 - IDENTIFICADOR DE NÚMERO DE CONTROL
campo de control ES-MaACL
007 - CAMPO FIJO DE DESCRIPCIÓN FÍSICA--INFORMACIÓN GENERAL
campo de control de longitud fija t|
008 - DATOS DE LONGITUD FIJA--INFORMACIÓN GENERAL
campo de control de longitud fija 050517s2002 sp ||||1| spa d
100 1# - ENTRADA PRINCIPAL--NOMBRE DE PERSONA
Nombre de persona Lozano Ribas, Miguel.
9 (RLIN) 74463
245 10 - MENCIÓN DEL TÍTULO
Título Gramática castellana para uso de tipógrafos /
Mención de responsabilidad, etc. Miguel Lozano Ribas; corregida y ampliada por Ramón Gallego.
250 ## - MENCION DE EDICION
Mención de edición 2ª ed.
260 ## - PUBLICACIÓN, DISTRIBUCIÓN, ETC.
Lugar de publicación, distribución, etc. Barcelona :
Nombre del editor, distribuidor, etc. [s.n.],
Fecha de publicación, distribución, etc. 1939 (
Fabricante Imp. La Neotipia)
300 ## - DESCRIPCIÓN FÍSICA
Extensión 232 p. ;
Dimensiones 23 cm.
700 1# - ENTRADA AGREGADA--NOMBRE PERSONAL
Nombre de persona Gallego, Ramón.
9 (RLIN) 53542
852 ## - LOCALIZACIÓN
Ubicación ES-MaACL
Número de control de estantería B-9864
Sublocalización o colección R.19626
Holdings
Estatus retirado Estado de pérdida Estado de daño No para préstamo Biblioteca de origen Biblioteca actual Ubicación en estantería Fecha de adquisición Fuente de adquisición Total de préstamos Signatura topográfica completa Código de barras Visto por última vez Precio de reemplazo Tipo de ítem Koha
        Biblioteca del Ateneo de Madrid Biblioteca del Ateneo de Madrid Sala Pardo Bazán 17/01/2008     B-9864 1099077 23/02/2023 23/02/2023 Libro impreso